000 00282nam a22001337a 4500
008 170913b xxu||||| |||| 00| 0 eng d
020 _a9780471597735
041 _aeng
080 _23 ED
_a53
100 _a53
101 _aFIZ
245 _aPHYSICS
_cJOHNSON.C
942 _2udc
_cBK
999 _c27476
_d27476